Tvorba pracovných podmienok v podniku bakalárska práca

Salvato in:
Dettagli Bibliografici
Autore principale: Langová, Michaela
Ente Autore: Fakulta podnikového manažmentu EU. Katedra podnikovohospodárska
Altri autori: Hrušovská, Dana, 1964-
Natura: Libro
Lingua:slovacco
Pubblicazione: Bratislava 2013
Tags: Aggiungi Tag
Nessun Tag, puoi essere il primo ad aggiungerne!!

MARC

LEADER 00000nbm a2200000 4500
001 0172856
005 20161109112121.1
041 0 |a slo 
044 |a SK 
245 1 0 |a Tvorba pracovných podmienok v podniku  |b bakalárska práca  |c Michaela Langová ; školiteľ: Dana Hrušovská 
264 1 |a Bratislava  |c 2013 
300 |a 48 s. 
100 1 |a Langová, Michaela 
700 1 |a Hrušovská, Dana, 1964- 
710 2 |a Fakulta podnikového manažmentu EU. Katedra podnikovohospodárska